The finite element method. Volume 3, Fluid dynamics /
| Main Author: | |
|---|---|
| Corporate Author: | |
| Other Authors: | |
| Format: | eBook |
| Language: | English |
| Published: |
Oxford ; Boston :
Butterworth-Heinemann,
2000.
|
| Edition: | 5th ed. |
| Subjects: | |
| Online Access: | Connect to the full text of this electronic book Table of contents Publisher description |
MARC
| Tag | First Indicator | Second Indicator | Subfields |
|---|---|---|---|
| LEADER | 00000cam a2200000Ka 4500 | ||
| 001 | in00002425134 | ||
| 005 | 20190327171559.0 | ||
| 006 | m d | ||
| 007 | cr un||||||||| | ||
| 008 | 070416s2000 enka sb 001 0 eng d | ||
| 035 | |a (OCoLC)ocn123128883 | ||
| 035 | |a (OCoLC)123128883 | ||
| 040 | |a EEICP |c EEICP |d UtOrBLW | ||
| 049 | |a TEFA | ||
| 050 | 1 | 4 | |a TA640.2 |b .Z5 2000 |
| 082 | 0 | 4 | |a 624.1/7 |2 21 |
| 100 | 1 | |a Zienkiewicz, O. C. | |
| 245 | 1 | 4 | |a The finite element method. |n Volume 3, |p Fluid dynamics / |c O.C. Zienkiewicz, R.L. Taylor. |
| 250 | |a 5th ed. | ||
| 264 | 1 | |a Oxford ; |a Boston : |b Butterworth-Heinemann, |c 2000. | |
| 300 | |a volumes : |b illustrations ; |c 26 cm. | ||
| 336 | |a text |b txt |2 rdacontent | ||
| 337 | |a computer |b c |2 rdamedia | ||
| 338 | |a online resource |b cr |2 rdacarrier | ||
| 504 | |a Includes bibliographies and indexes. | ||
| 533 | |a Electronic reproduction. |b Amsterdam, The Netherlands : |c Elsevier, |d 2006. |n Available via World Wide Web. |n Access is limited to subscribers of Referex Engineering on Engineering Village 2. | ||
| 500 | |a Electronic resource. | ||
| 650 | 0 | |a Structural analysis (Engineering) | |
| 650 | 0 | |a Continuum mechanics. | |
| 650 | 0 | |a Finite element method. | |
| 655 | 0 | |a Electronic books. | |
| 700 | 1 | |a Taylor, Robert L. |q (Robert Leroy), |d 1934- | |
| 710 | 2 | |a Elsevier Science Publishers. | |
| 730 | 0 | |a Referex. | |
| 776 | 1 | |c Original |z 0750650508 |z 9780750650502 | |
| 856 | 4 | 0 | |u http://proxy.library.tamu.edu/login?url=http://www.engineeringvillage.com/controller/servlet/OpenURL?genre=book&isbn=0750650508 |z Connect to the full text of this electronic book |t 0 |
| 856 | 4 | 2 | |3 Table of contents |u http://www.loc.gov/catdir/toc/els051/00710705.html |t 0 |
| 856 | 4 | 2 | |3 Publisher description |u http://www.loc.gov/catdir/description/els031/00710705.html |t 0 |
| 994 | |a C0 |b TEF | ||
| 999 | |a MARS | ||
| 999 | f | f | |s 2805de3a-41ae-360e-994c-54a521c7bf8b |i 17dd593d-436b-3810-9f0f-3d01c5d9ad00 |t 0 |
| 952 | f | f | |a Texas A&M University |b College Station |c Electronic Resources |d Available Online |t 0 |e TA640.2 .Z5 2000 |h Library of Congress classification |
| 998 | f | f | |a TA640.2 .Z5 2000 |t 0 |l Available Online |